[Event "Olympiad Women-35"]
[Site "Bled"]
[Date "2002.11.08"]
[Round "13.2"]
[White "Garcia Garcia, Edith"]
[Black "Tallova, Ivana"]
[Result "1-0"]
[WhiteElo "2018"]
[BlackElo "2153"]
[PlyCount "137"]
[EventDate "2002.10.26"]
[EventType "team-swiss"]
[EventRounds "14"]
[EventCountry "SLO"]
[SourceTitle "EXT 2003"]
[Source "ChessBase"]
[SourceDate "2002.11.25"]
[SourceVersion "1"]
[SourceVersionDate "2002.11.25"]
[SourceQuality "1"]
[WhiteTeam "Mexico (W)"]
[BlackTeam "IPCA (W)"]
[WhiteTeamCountry "MEX"]

1. e4 c5 2. Nf3 a6 3. d4 cxd4 4. Nxd4 Nf6 5. Nc3 e5 6. Nf3 Bb4 7. Bd2 Nc6 8. Bd3 d5 9. Ng5 d4 10. Ne2 Bxd2+ 11. Qxd2 h6 12. Nf3 0-0 13. h3 Be6 14. g4 Nh7 15. Ng3 Rc8 16. Nf5 Ng5 17. Nxg5 Qxg5 18. Qxg5 hxg5 19. a3 g6 20. Ng3 Kg7 21. f3 Rh8 22. Kf2 Nd8 23. Rac1 Bc4 24. Ne2 Ne6 25. Kg3 Bxd3 26. cxd3 Nc5 27. Rcd1 f6 28. h4 gxh4+ 29. Rxh4 Rxh4 30. Kxh4 g5+ 31. Kg3 Nb3 32. Kf2 Rc2 33. Rb1 Nc5 34. b4 Nxd3+ 35. Kf1 Nf4 36. Ng3 Kf7 37. Nf5 Ke6 38. a4 b6 39. b5 a5 40. Ke1 Rc4 41. Kd1 Nd3 42. Kd2 Nc5 43. Rh1 Nb3+ 44. Ke2 Rc2+ 45. Kd3 Rc3+ 46. Ke2 d3+ 47. Kf2 d2 48. Rh7 Rxf3+ 49. Kg2 Rxf5 50. gxf5+ Kd6 51. Rh1 Kc5 52. Kf2 Kd4 53. Ke2 Kxe4 54. Rh8 Nc5 55. Rc8 Kd5 56. Kxd2 Nxa4 57. Rc6 Nc5 58. Rxb6 a4 59. Kc2 Ne4 60. Ra6 Nc5 61. Rxf6 e4 62. Rf8 e3 63. Re8 Ne4 64. Kd3 Nd6 65. f6 a3 66. Rxe3 g4 67. Kc2 a2 68. Re1 g3 69. Kb2 1-0

[Event "Olympiad Women-35"]
[Site "Bled"]
[Date "2002.11.06"]
[Round "11.2"]
[White "Mar, Karmen"]
[Black "Tallova, Ivana"]
[Result "1-0"]
[WhiteElo "2279"]
[BlackElo "2153"]
[PlyCount "93"]
[EventDate "2002.10.26"]
[EventType "team-swiss"]
[EventRounds "14"]
[EventCountry "SLO"]
[SourceTitle "EXT 2003"]
[Source "ChessBase"]
[SourceDate "2002.11.25"]
[SourceVersion "1"]
[SourceVersionDate "2002.11.25"]
[SourceQuality "1"]
[WhiteTeam "Slovenia (W) II"]
[BlackTeam "IPCA (W)"]
[WhiteTeamCountry "SLO"]

1. e4 e5 2. Nf3 Nc6 3. Bc4 Nf6 4. d3 Be7 5. c3 0-0 6. Bb3 d6 7. Nbd2 h6 8. Nf1 d5 9. Ng3 dxe4 10. dxe4 Qxd1+ 11. Bxd1 Bd6 12. 0-0 Ne7 13. Bb3 Bd7 14. h3 Bc6 15. Re1 Ng6 16. Bc2 Rfe8 17. b4 a5 18. Bd2 axb4 19. cxb4 Ba4 20. Rac1 Bxc2 21. Rxc2 Ra4 22. Rb1 Ne7 23. Bc1 Nc6 24. a3 Nd4 25. Rc3 Kh7 26. Rd3 Nb5 27. Nd2 g6 28. Nc4 Bf8 29. Bb2 Bd6 30. Rc1 Ng8 31. Rd5 Na7 32. Nxd6 cxd6 33. Rc7 Kg7 34. Rxb7 Nc8 35. f3 Kf8 36. Ne2 Nge7 37. Rd3 Nc6 38. Rc7 N6a7 39. Nc3 Ra6 40. Bc1 h5 41. Bh6+ Kg8 42. Nd5 Re6 43. Rdc3 Kh7 44. Bc1 Kg7 45. Rxc8 Nxc8 46. Nc7 Re7 47. Nxa6 1-0

[Event "Olympiad Women-35"]
[Site "Bled"]
[Date "2002.11.01"]
[Round "7.2"]
[White "Sheremetieva, Marina"]
[Black "Tallova, Ivana"]
[Result "1-0"]
[WhiteElo "2329"]
[BlackElo "2153"]
[PlyCount "45"]
[EventDate "2002.10.26"]
[EventType "team-swiss"]
[EventRounds "14"]
[EventCountry "SLO"]
[SourceTitle "EXT 2003"]
[Source "ChessBase"]
[SourceDate "2002.11.25"]
[SourceVersion "1"]
[SourceVersionDate "2002.11.25"]
[SourceQuality "1"]
[WhiteTeam "Moldova (W)"]
[BlackTeam "IPCA (W)"]
[WhiteTeamCountry "MDA"]

1. e4 e5 2. Nf3 Nc6 3. Bc4 Nf6 4. d3 Be7 5. 0-0 0-0 6. c3 d6 7. Bb3 h6 8. h3 Nh7 9. Be3 Ng5 10. Nbd2 Kh8 11. d4 Nxf3+ 12. Nxf3 f5 13. dxe5 Nxe5 14. exf5 Nxf3+ 15. Qxf3 Rxf5 16. Qe2 Rf8 17. Qd2 Bf5 18. Rae1 Bf6 19. Re2 Qd7 20. Rfe1 Rae8 21. Bxh6 Rxe2 22. Rxe2 gxh6 23. Qxh6+ 1-0

[Event "EU-ch (Women) 2nd"]
[Site "Warsaw"]
[Date "2001.05.01"]
[Round "9"]
[White "Tallova, Ivana"]
[Black "Hlgatian, Goar"]
[Result "0-1"]
[WhiteElo "2108"]
[BlackElo "2258"]
[PlyCount "62"]
[EventDate "2001.04.22"]
[EventType "swiss"]
[EventRounds "11"]
[EventCountry "POL"]
[SourceTitle "CBM 082 Extra"]
[Source "ChessBase"]
[SourceDate "2001.07.03"]
[SourceVersion "1"]
[SourceVersionDate "2001.07.03"]
[SourceQuality "1"]

1. e4 e6 2. d4 d5 3. e5 c5 4. c3 Nc6 5. Nf3 Qb6 6. a3 Bd7 7. Be2 a5 8. a4 Nh6 9. dxc5 Bxc5 10. 0-0 Ng4 11. Nd4 Ngxe5 12. Nb5 0-0 13. Nd2 Na7 14. Nxa7 Qxa7 15. Nb3 Bb6 16. Qe1 Ng6 17. Kh1 e5 18. f4 f6 19. Qg3 Kh8 20. Bh5 Bf5 21. Bd2 Rae8 22. Bxg6 hxg6 23. fxe5 fxe5 24. Rae1 Qb8 25. Be3 Bxe3 26. Qxe3 Qc7 27. Nd2 Qc6 28. Qg3 e4 29. Qg5 Qxa4 30. g4 e3 31. Nf3 Qxg4 0-1

[Event "EU-ch (Women) 2nd"]
[Site "Warsaw"]
[Date "2001.04.26"]
[Round "5"]
[White "Tallova, Ivana"]
[Black "Dolzhikova, Olga"]
[Result "1/2-1/2"]
[WhiteElo "2108"]
[BlackElo "2229"]
[PlyCount "37"]
[EventDate "2001.04.22"]
[EventType "swiss"]
[EventRounds "11"]
[EventCountry "POL"]
[SourceTitle "CBM 082 Extra"]
[Source "ChessBase"]
[SourceDate "2001.07.03"]
[SourceVersion "1"]
[SourceVersionDate "2001.07.03"]
[SourceQuality "1"]

1. e4 Nf6 2. e5 Nd5 3. d4 d6 4. Nf3 Nc6 5. c4 Nb6 6. exd6 exd6 7. Be2 Be7 8. 0-0 0-0 9. Nc3 Bg4 10. d5 Bxf3 11. Bxf3 Ne5 12. b3 Nxf3+ 13. Qxf3 Bf6 14. Bd2 a5 15. a4 Nd7 16. Rae1 Be5 17. Ne4 b6 18. Qh3 Nc5 19. Bc3 1/2-1/2

[Event "EU-ch (Women) 2nd"]
[Site "Warsaw"]
[Date "2001.04.22"]
[Round "1"]
[White "Lopatskaya, Elena V"]
[Black "Tallova, Ivana"]
[Result "0-1"]
[WhiteElo "2323"]
[BlackElo "2108"]
[PlyCount "96"]
[EventDate "2001.04.22"]
[EventType "swiss"]
[EventRounds "11"]
[EventCountry "POL"]
[SourceTitle "CBM 082 Extra"]
[Source "ChessBase"]
[SourceDate "2001.07.03"]
[SourceVersion "1"]
[SourceVersionDate "2001.07.03"]
[SourceQuality "1"]

1. Nf3 Nf6 2. b3 g6 3. Bb2 Bg7 4. g3 c5 5. c4 Nc6 6. Bg2 d6 7. 0-0 e5 8. Nc3 0-0 9. d3 Ne8 10. Ne1 Nc7 11. e3 Be6 12. Nd5 Qd7 13. a3 f5 14. Nc2 Bf7 15. Nxc7 Qxc7 16. Rb1 Rad8 17. e4 Be6 18. exf5 Bxf5 19. Ne3 Be6 20. Bd5 Qd7 21. b4 Bxd5 22. Nxd5 Ne7 23. Nc3 Nf5 24. Ne4 cxb4 25. axb4 d5 26. Nc5 Qc8 27. cxd5 Rxd5 28. Qb3 Rfd8 29. Ra1 b6 30. Ne4 Kh8 31. Rxa7 Rxd3 32. Qa2 h6 33. Rxg7 Nxg7 34. Bxe5 Qf5 35. Qa1 Qxe4 36. Bxg7+ Kh7 37. Bf6 R8d7 38. f3 Qe3+ 39. Kh1 Qe2 40. Qe1 Qxe1 41. Rxe1 Rxf3 42. Re7+ Rxe7 43. Bxe7 Rf2 44. Kg1 Rc2 45. h4 Kg7 46. Kf1 Kf7 47. Bd8 b5 48. Bb6 Ke6 0-1

[Event "CZE-chT 0001"]
[Site "Czech Republic"]
[Date "2001.04.08"]
[Round "11"]
[White "Tallova, Ivana"]
[Black "Hausner, Ivan"]
[Result "1/2-1/2"]
[WhiteElo "2108"]
[BlackElo "2417"]
[PlyCount "99"]
[EventDate "2000.11.19"]
[EventType "team-tourn"]
[EventRounds "11"]
[EventCountry "CZE"]
[SourceTitle "EXT 2019"]
[Source "ChessBase"]
[SourceDate "2018.10.10"]
[SourceVersion "1"]
[SourceVersionDate "2018.10.10"]
[SourceQuality "1"]
[WhiteTeam "Ostrava TJ Nova Hut"]
[BlackTeam "Praha Holdia"]
[WhiteTeamCountry "CZE"]
[BlackTeamCountry "CZE"]

1. d4 e6 2. e4 c5 3. Nf3 cxd4 4. Nxd4 Nf6 5. Bd3 Nc6 6. Nxc6 dxc6 7. 0-0 e5 8. Bg5 Be7 9. Bxf6 Bxf6 10. Nd2 0-0 11. Qe2 Qc7 12. Nc4 g6 13. Rad1 Be6 14. Ne3 Rad8 15. Bc4 Bc8 16. Qf3 Kg7 17. Ng4 Bg5 18. Ne3 f6 19. Bb3 Rxd1 20. Rxd1 Rd8 21. Rxd8 Qxd8 22. Qe2 b5 23. c4 a6 24. cxb5 axb5 25. Qc2 Qd6 26. a4 bxa4 27. Bxa4 Bxe3 28. fxe3 Bd7 29. Bb3 Qb4 30. Kf2 Kf8 31. Qc4 Qxc4 32. Bxc4 c5 33. Bd5 Ke7 34. Ke2 Bb5+ 35. Kd2 Kd6 36. Bg8 h6 37. Bh7 Be8 38. Bg8 g5 39. g3 Bg6 40. Kd3 Kc6 41. Bd5+ Kb5 42. Kc3 Bh5 43. Be6 Be2 44. Bd7+ Kb6 45. b4 Bf1 46. bxc5+ Kxc5 47. Ba4 Kd6 48. Bc2 Be2 49. Kb4 Bf3 50. Kc4 1/2-1/2

[Event "CZE-ch (Women)"]
[Site "Trinec"]
[Date "2001.??.??"]
[Round "?"]
[White "Ptacnikova, Lenka"]
[Black "Tallova, Ivana"]
[Result "0-1"]
[WhiteElo "2270"]
[BlackElo "2105"]
[PlyCount "76"]
[EventDate "2001.07.??"]
[EventType "swiss"]
[EventRounds "9"]
[EventCountry "CZE"]
[SourceTitle "EXT 2002"]
[Source "ChessBase"]
[SourceDate "2001.11.25"]
[SourceVersion "1"]
[SourceVersionDate "2001.11.25"]
[SourceQuality "1"]

1. e4 e5 2. Nf3 Nc6 3. Bb5 a6 4. Ba4 b5 5. Bb3 Nf6 6. 0-0 d6 7. Re1 Be7 8. c3 Na5 9. Bc2 c5 10. d4 Nc6 11. h3 0-0 12. a4 Bd7 13. Nbd2 Re8 14. Nf1 Qc7 15. d5 Na5 16. g4 g6 17. Ng3 Kh8 18. Ng5 Rf8 19. axb5 Bxb5 20. b3 Ng8 21. c4 Bd7 22. Nf3 Bf6 23. Bd2 Nb7 24. Ra3 Ne7 25. Bc3 Bg7 26. Nh4 Qd8 27. Qa1 Nxd5 28. Nxg6+ fxg6 29. exd5 a5 30. Ne4 Qh4 31. Re3 Rf4 32. Qe1 Raf8 33. Bd1 Bh6 34. Nxd6 Rxf2 35. Bxe5+ Kg8 36. Bg3 Rf1+ 37. Qxf1 Rxf1+ 38. Kxf1 Qxh3+ 0-1

[Event "CZE-chT 0001"]
[Site "Czech Republic"]
[Date "2000.11.19"]
[Round "2"]
[White "Tallova, Ivana"]
[Black "Zvara, Petr"]
[Result "1/2-1/2"]
[WhiteElo "2080"]
[BlackElo "2361"]
[PlyCount "68"]
[EventDate "2000.11.19"]
[EventType "team-tourn"]
[EventRounds "11"]
[EventCountry "CZE"]
[SourceTitle "EXT 2019"]
[Source "ChessBase"]
[SourceDate "2018.10.10"]
[SourceVersion "1"]
[SourceVersionDate "2018.10.10"]
[SourceQuality "1"]
[WhiteTeam "Ostrava TJ Nova Hut"]
[BlackTeam "Plzen"]
[WhiteTeamCountry "CZE"]
[BlackTeamCountry "CZE"]

1. d4 Nf6 2. Nc3 d5 3. Bg5 g6 4. Bxf6 exf6 5. e3 c6 6. Qf3 Bd6 7. Bd3 f5 8. Nge2 Na6 9. a3 Nc7 10. g3 Qe7 11. Qg2 Be6 12. Nf4 0-0-0 13. 0-0-0 Ne8 14. Rhe1 Nf6 15. f3 Rhe8 16. Kb1 Qc7 17. Nxe6 fxe6 18. e4 e5 19. dxe5 Bxe5 20. exf5 Bxc3 21. bxc3 d4 22. Rxe8 Rxe8 23. cxd4 Nd5 24. Qd2 Qb6+ 25. Ka2 Qxd4 26. fxg6 Nc3+ 27. Kb3 Qa4+ 28. Kxc3 Qxa3+ 29. Kd4 Qb2+ 30. Kc4 Qa2+ 31. Kc3 Qa3+ 32. Kd4 Qb2+ 33. Kc4 Qa2+ 34. Kc3 Qa3+ 1/2-1/2

[Event "CZE-ch op (Women)"]
[Site "Ricany"]
[Date "2000.??.??"]
[Round "3"]
[White "Tallova, Ivana"]
[Black "Saljova, Silvie"]
[Result "1/2-1/2"]
[WhiteElo "2076"]
[BlackElo "2157"]
[PlyCount "133"]
[EventDate "2000.??.??"]
[EventType "swiss"]
[EventRounds "9"]
[EventCountry "CZE"]
[SourceTitle "EXT 2003"]
[Source "ChessBase"]
[SourceDate "2002.11.25"]
[SourceVersion "1"]
[SourceVersionDate "2002.11.25"]
[SourceQuality "1"]

1. e4 d5 2. exd5 Qxd5 3. Nc3 Qa5 4. Bc4 Nf6 5. d3 c6 6. Bd2 Qc7 7. Qe2 b5 8. Bb3 e6 9. Nf3 Nbd7 10. d4 b4 11. Ne4 a5 12. Nxf6+ Nxf6 13. Bc4 Bd6 14. Ne5 0-0 15. 0-0 c5 16. c3 Bb7 17. Bd3 cxd4 18. cxd4 Be7 19. Rac1 Qd6 20. f4 Be4 21. Nf3 Bxd3 22. Qxd3 Qd5 23. Ne5 Rfc8 24. Nc4 Qe4 25. Qxe4 Nxe4 26. Be3 Rd8 27. f5 Bf6 28. fxe6 fxe6 29. Ne5 Rd5 30. Nc6 h6 31. Rf4 Nd6 32. Rxf6 gxf6 33. Ne7+ Kg7 34. Nxd5 exd5 35. Rc5 Nf5 36. Bf2 Ne7 37. Bg3 Ra6 38. Bc7 a4 39. Bd8 a3 40. bxa3 Nc6 41. Rxd5 Nxd8 42. Rxd8 Rxa3 43. Rb8 Rxa2 44. Rxb4 Rd2 45. Rb7+ Kg6 46. Rd7 Kf5 47. d5 Kf4 48. d6 Ke5 49. Rh7 Kxd6 50. Rxh6 Ke6 51. h3 Kf7 52. Kh2 Rd3 53. Rh4 Kg6 54. Rg4+ Kh7 55. Rg3 Rd4 56. Rf3 Kg6 57. Kg3 Rd2 58. h4 Ra2 59. Kh3 f5 60. Rg3+ Kh6 61. Rg5 Ra3+ 62. Kh2 Ra4 63. g3 f4 64. g4 Ra2+ 65. Kg1 f3 66. Rg8 Kh7 67. Rg5 1/2-1/2

[Event "BL2 Mitte 9899 (Women)"]
[Site "Germany"]
[Date "1998.??.??"]
[Round "?"]
[White "Tallova, Ivana"]
[Black "Jaracz, Barbara"]
[Result "1/2-1/2"]
[WhiteElo "2074"]
[BlackElo "2202"]
[PlyCount "85"]
[EventDate "1998.??.??"]
[EventType "team-tourn"]
[EventRounds "7"]
[EventCountry "GER"]
[SourceTitle "EXT 2000"]
[Source "ChessBase"]
[SourceDate "1999.11.16"]
[SourceVersion "1"]
[SourceVersionDate "1999.11.16"]
[SourceQuality "1"]

1. e4 e5 2. Nf3 Nc6 3. Bc4 Bc5 4. c3 Nf6 5. d3 d6 6. b4 Bb6 7. Nbd2 0-0 8. 0-0 Ne7 9. Bb3 Ng6 10. Nc4 Be6 11. Be3 h6 12. a4 Bxe3 13. Nxe3 Nf4 14. Bxe6 fxe6 15. g3 Ng6 16. Nd2 d5 17. Qb3 Kh8 18. Rad1 c6 19. Qc2 Nh7 20. d4 exd4 21. cxd4 dxe4 22. Qxe4 Qf6 23. f4 Ne7 24. Ndc4 Nd5 25. Ng4 Qf5 26. Qxf5 exf5 27. Nge5 Kg8 28. Rd2 Rfd8 29. b5 cxb5 30. axb5 Nhf6 31. Ra1 Nc3 32. Rb2 Rxd4 33. Nb6 Rd1+ 34. Rxd1 Nxd1 35. Ra2 Nc3 36. Ra3 Nxb5 37. Ra5 Re8 38. Rxb5 axb6 39. Rxb6 Re7 40. Ng6 Rc7 41. Nh4 Rc1+ 42. Kg2 Rc2+ 43. Kg1 1/2-1/2

[Event "Frydek Mistek op (Women)"]
[Site "Frydek Mistek"]
[Date "1997.??.??"]
[Round "7"]
[White "Tallova, Ivana"]
[Black "Goreskul, Alyona"]
[Result "1-0"]
[WhiteElo "2120"]
[BlackElo "2125"]
[PlyCount "79"]
[EventDate "1997.??.??"]
[EventType "swiss"]
[EventRounds "9"]
[EventCountry "CZE"]
[SourceTitle "EXT 1998"]
[Source "ChessBase"]
[SourceDate "1997.11.17"]
[SourceVersion "1"]
[SourceVersionDate "1997.11.17"]
[SourceQuality "1"]

1. e4 e5 2. Nf3 Nf6 3. Nxe5 d6 4. Nf3 Nxe4 5. d3 Nf6 6. Nc3 Be7 7. Be2 0-0 8. Be3 d5 9. d4 Ne4 10. Nxe4 dxe4 11. Ne5 Be6 12. 0-0 f6 13. Nc4 Nc6 14. c3 a6 15. f3 exf3 16. Rxf3 b5 17. Nd2 Rb8 18. Rf1 Re8 19. Bd3 g6 20. Qc2 Bf7 21. Rae1 f5 22. Bh6 Qd5 23. Nf3 Bf6 24. b3 b4 25. Bc4 Qd7 26. cxb4 Nxd4 27. Bxf7+ Qxf7 28. Nxd4 Bxd4+ 29. Kh1 Rxe1 30. Rxe1 Rxb4 31. Qc6 Rb8 32. Bg5 Bg7 33. Re7 Rd8 34. h3 Qf8 35. Qxc7 Rd1+ 36. Kh2 h6 37. Qc6 Rd8 38. Rxg7+ Kxg7 39. Qc7+ Kg8 40. Qxd8 1-0

[Event "EU-ch U18 Girls"]
[Site "Zagan"]
[Date "1995.??.??"]
[Round "6"]
[White "Michna, Marta"]
[Black "Tallova, Ivana"]
[Result "1-0"]
[WhiteElo "2250"]
[BlackElo "2060"]
[PlyCount "133"]
[EventDate "1995.??.??"]
[EventType "swiss"]
[EventRounds "11"]
[EventCountry "POL"]
[SourceTitle "EXT 1997"]
[Source "ChessBase"]
[SourceDate "1996.11.15"]
[SourceVersion "1"]
[SourceVersionDate "1996.11.15"]
[SourceQuality "1"]

1. d4 Nf6 2. c4 g6 3. Nc3 Bg7 4. e4 d6 5. Nf3 0-0 6. Be2 Nbd7 7. 0-0 e5 8. Be3 Re8 9. Qc2 exd4 10. Nxd4 Nc5 11. f3 Ne6 12. Nb3 Bd7 13. Rad1 b6 14. Nc1 Nh5 15. g3 Nf8 16. Qd2 Nf6 17. Nd3 h5 18. Nf2 Kh7 19. Rde1 Ng8 20. Nd5 Bh6 21. f4 Nf6 22. Bd3 Nxd5 23. exd5 f5 24. Bd4 c5 25. Bc3 Bg7 26. Nh3 Kg8 27. Ng5 Nh7 28. Rxe8+ Qxe8 29. Bxg7 Kxg7 30. Re1 Qf8 31. Qc3+ Nf6 32. Qa3 Re8 33. Rd1 Qe7 34. Qxa7 Qe3+ 35. Kg2 Kg8 36. Nf3 Qe7 37. Re1 Qd8 38. Rxe8+ Bxe8 39. h3 Bd7 40. Ng5 Nh7 41. Ne6 Qe8 42. Qxb6 Bxe6 43. dxe6 Qxe6 44. Qd8+ Kg7 45. Kf2 Nf6 46. Qc7+ Kh6 47. Qb8 Kg7 48. Qb3 h4 49. gxh4 Nh5 50. Qb7+ Kh6 51. Qg2 Kh7 52. Qg5 d5 53. cxd5 Qxd5 54. Qe7+ Kh6 55. Qe5 Qd8 56. Ke3 Kh7 57. Bxf5 Qxh4 58. Bxg6+ Kxg6 59. Qg5+ Qxg5 60. fxg5 Kxg5 61. Kd3 Kf5 62. Kc4 Nf4 63. b3 Nxh3 64. Kxc5 Ke5 65. a4 Ng5 66. a5 Ne6+ 67. Kb6 1-0

[Event "Ceske Budejovice op"]
[Site "Ceske Budejovice"]
[Date "1995.??.??"]
[Round "3"]
[White "Ratolistka, Josef"]
[Black "Tallova, Ivana"]
[Result "1/2-1/2"]
[WhiteElo "2225"]
[BlackElo "2060"]
[PlyCount "101"]
[EventDate "1995.??.??"]
[EventType "swiss"]
[EventRounds "9"]
[EventCountry "CZE"]
[SourceTitle "EXT 1997"]
[Source "ChessBase"]
[SourceDate "1996.11.15"]
[SourceVersion "1"]
[SourceVersionDate "1996.11.15"]
[SourceQuality "1"]

1. Nf3 Nf6 2. d4 g6 3. g3 Bg7 4. Bg2 d5 5. 0-0 Nc6 6. Ne5 0-0 7. c4 e6 8. Nc3 Ne7 9. c5 Nd7 10. f4 b6 11. b4 a5 12. cxb6 axb4 13. b7 Bxb7 14. Na4 Nxe5 15. fxe5 f6 16. Nc5 Bc8 17. exf6 Bxf6 18. Bh3 Nf5 19. Bxf5 exf5 20. e3 Re8 21. Qb3 Ba6 22. Nxa6 Rxa6 23. Qxb4 Qd7 24. Rf2 Ra4 25. Qb3 c5 26. Bb2 c4 27. Qc3 Bg5 28. Bc1 Qe6 29. Rf3 Qe4 30. Kf2 Rea8 31. a3 Rb8 32. Ra2 Rb3 33. Qc2 Be7 34. Ke2 Qxc2+ 35. Rxc2 Bxa3 36. Ra2 Ra5 37. Rf1 Bb4 38. Rxa5 Bxa5 39. Kd1 Bd8 40. h4 Bc7 41. Rg1 h5 42. Kc2 Ba5 43. Bd2 Bc7 44. Ra1 Rb7 45. Be1 Kf7 46. Ra6 Bb8 47. Rc6 Rd7 48. Rb6 Bc7 49. Ra6 Bd8 50. Bb4 Bf6 51. Bd6 1/2-1/2

[Event "CZE-ch (Women)"]
[Site "Olomouc"]
[Date "1995.??.??"]
[Round "?"]
[White "Saljova, Silvie"]
[Black "Tallova, Ivana"]
[Result "1-0"]
[WhiteElo "2235"]
[BlackElo "2060"]
[PlyCount "87"]
[EventDate "1995.??.??"]
[EventType "swiss"]
[EventRounds "9"]
[EventCountry "CZE"]
[SourceTitle "EXT 1997"]
[Source "ChessBase"]
[SourceDate "1996.11.15"]
[SourceVersion "1"]
[SourceVersionDate "1996.11.15"]
[SourceQuality "1"]

1. d4 Nf6 2. Nf3 g6 3. Bg5 Bg7 4. Nbd2 d6 5. e4 Nbd7 6. Bc4 e5 7. c3 0-0 8. 0-0 Qe8 9. Qe2 h6 10. Bh4 Nh5 11. Bg3 Nxg3 12. fxg3 exd4 13. cxd4 Nb6 14. Bb3 Bg4 15. Qf2 Be6 16. Bc2 c5 17. e5 cxd4 18. exd6 Qc6 19. Be4 Qxd6 20. Bxb7 Rab8 21. Ne4 Qe7 22. Ba6 Bc4 23. Bxc4 Nxc4 24. Qe2 Ne3 25. Nf2 Rfe8 26. Rfe1 Qb7 27. Nd3 Rbc8 28. Rac1 Qa6 29. a3 Kf8 30. Nc5 Qa5 31. Nb3 Qb6 32. Qd3 Nf5 33. g4 Rxc1 34. Rxc1 Ne3 35. h3 h5 36. gxh5 gxh5 37. Kh1 Rb8 38. Nbxd4 Bxd4 39. Nxd4 Nxg2 40. Kxg2 Qxb2+ 41. Rc2 Qb7+ 42. Qf3 Qd7 43. Qf4 Rb1 44. Qh6+ 1-0

[Event "Ostrava Konik op"]
[Site "Ostrava"]
[Date "1995.??.??"]
[Round "?"]
[White "Skola, Miroslav"]
[Black "Tallova, Ivana"]
[Result "0-1"]
[WhiteElo "2225"]
[BlackElo "2015"]
[PlyCount "80"]
[EventDate "1995.??.??"]
[EventType "swiss"]
[EventRounds "9"]
[EventCountry "CZE"]
[SourceTitle "EXT 1999"]
[Source "ChessBase"]
[SourceDate "1998.11.16"]
[SourceVersion "1"]
[SourceVersionDate "1998.11.16"]
[SourceQuality "1"]

1. e4 e5 2. Nf3 Nc6 3. d3 d6 4. c3 g6 5. Be2 Bg7 6. 0-0 Nge7 7. b4 a6 8. Be3 0-0 9. Qd2 f5 10. Bh6 f4 11. Bxg7 Kxg7 12. d4 h6 13. c4 Nxd4 14. Nxd4 exd4 15. Qxd4+ Kh7 16. b5 axb5 17. cxb5 Ng8 18. Rc1 f3 19. Bf1 fxg2 20. Bxg2 Bh3 21. Rc3 Bxg2 22. Kxg2 Rc8 23. Nd2 Nf6 24. Rg1 Nh5 25. Kh1 Nf4 26. Re1 Qg5 27. Rg3 Qxb5 28. Nc4 d5 29. Na3 Qa5 30. Ree3 Rce8 31. Qd1 c6 32. Qb1 Rf7 33. e5 d4 34. Re4 Qd5 35. f3 Qe6 36. Qc1 Nh5 37. Rg1 Rxf3 38. Qd1 Rxa3 39. Rxd4 Re7 40. Qb1 Rxa2 0-1